[Event "ISL-chT2 1011"]
[Site "Reykjavik"]
[Date "2011.03.04"]
[Round "5.2"]
[White "Karlsson, Thorleifur"]
[Black "Olafsson, David"]
[Result "0-1"]
[WhiteElo "2095"]
[BlackElo "2322"]
[PlyCount "67"]
[EventDate "2010.10.08"]
[EventType "team"]
[EventRounds "7"]
[EventCountry "ISL"]
[SourceTitle "EXT 2014"]
[Source "ChessBase"]
[SourceDate "2013.11.20"]
[SourceVersion "1"]
[SourceVersionDate "2013.11.20"]
[SourceQuality "1"]

1. e4 c5 2. Nf3 e6 3. d4 cxd4 4. Nxd4 a6 5. Bd3 g6 6. Nc3 Bg7 7. Nde2 Ne7 8. 0-0 0-0 9. Bg5 Nbc6 10. Qd2 b5 11. a3 Bb7 12. f4 f5 13. exf5 gxf5 14. Kh1 Qc7 15. Bh4 Kh8 16. Ng1 Ng6 17. Bg3 Na5 18. Nf3 Bc6 19. Rae1 Rab8 20. Ng5 Nc4 21. Bxc4 bxc4 22. Qe2 Rf6 23. Qh5 Nf8 24. Nf7+ Kg8 25. Ne5 Ng6 26. Nxc6 Qxc6 27. Nd1 Ne7 28. Qe2 Rg6 29. c3 Nd5 30. Rf2 Nf6 31. Ne3 Ne4 32. Rf3 d5 33. Nf1 Qb6 34. Nd2 0-1

[Event "ISL-chT 0910"]
[Site "Reykjavik"]
[Date "2009.09.26"]
[Round "3"]
[White "Ivanov, Mikhail M"]
[Black "Olafsson, David"]
[Result "1/2-1/2"]
[WhiteElo "2459"]
[BlackElo "2327"]
[PlyCount "124"]
[EventDate "2009.09.25"]
[EventType "team-tourn"]
[EventRounds "7"]
[EventCountry "ISL"]
[SourceTitle "CBM 132 Extra"]
[Source "ChessBase"]
[SourceDate "2009.11.03"]
[SourceVersion "1"]
[SourceVersionDate "2009.11.03"]
[SourceQuality "1"]

1. d4 Nf6 2. c4 e6 3. Nc3 d5 4. cxd5 exd5 5. Bg5 c6 6. e3 h6 7. Bh4 Be7 8. Bd3 0-0 9. Nge2 b5 10. Qc2 Re8 11. Rc1 Ne4 12. Bxe7 Qxe7 13. 0-0 a5 14. Nd1 Ba6 15. f3 Nd6 16. Ng3 Qf6 17. b3 b4 18. Bxa6 Rxa6 19. Qd3 Nb5 20. Nf2 a4 21. Ng4 Qg5 22. Ne5 axb3 23. axb3 Nc3 24. Ra1 Rxa1 25. Rxa1 Qe7 26. f4 c5 27. Nf5 Qc7 28. dxc5 Qxc5 29. Nd4 Ne4 30. Qd1 Qc3 31. Nf5 Rxe5 32. fxe5 Qxe5 33. Nd4 Nd7 34. Qg4 Ndc5 35. Ra8+ Kh7 36. Qf4 Qh5 37. g4 Qg6 38. Qf5 Nd2 39. Rb8 Ncxb3 40. Nxb3 Nxb3 41. Rxb4 Nd2 42. Kg2 Ne4 43. Rd4 Nf6 44. Qxg6+ Kxg6 45. h4 Kh7 46. Kf3 g5 47. h5 Kg7 48. Ra4 Nd7 49. Ra5 Ne5+ 50. Kg3 Nc4 51. Rxd5 Nxe3 52. Rc5 f5 53. gxf5 Kf6 54. Rc6+ Kxf5 55. Rxh6 Ng4 56. Ra6 Nf6 57. h6 Nh7 58. Kf3 Nf6 59. Ke3 Nh7 60. Kd4 Nf6 61. Ra7 Kg6 62. Ra6 Kf5 1/2-1/2

[Event "ISL-ch"]
[Site "Bolungarvik"]
[Date "2009.09.10"]
[Round "10"]
[White "Olafsson, David"]
[Black "Gislason, Gudmundur"]
[Result "0-1"]
[WhiteElo "2327"]
[BlackElo "2348"]
[PlyCount "106"]
[EventDate "2009.09.01"]
[EventType "tourn"]
[EventRounds "11"]
[EventCountry "ISL"]
[EventCategory "5"]
[SourceTitle "CBM 132 Extra"]
[Source "ChessBase"]
[SourceDate "2009.11.03"]
[SourceVersion "1"]
[SourceVersionDate "2009.11.03"]
[SourceQuality "1"]

1. e4 c5 2. Nf3 d6 3. d4 cxd4 4. Nxd4 Nf6 5. Nc3 a6 6. Bg5 b5 7. Bxf6 gxf6 8. Qh5 e6 9. g3 b4 10. Nce2 e5 11. Nf5 d5 12. Bg2 d4 13. 0-0 Qb6 14. Nc1 Nc6 15. Rd1 Be6 16. Nd3 Rc8 17. f4 exf4 18. gxf4 Bxf5 19. exf5 Ne7 20. Rd2 Rg8 21. Qxh7 Rg7 22. Qh8 Nd5 23. Re1+ Ne3 24. Ree2 Kd7 25. Kh1 Kc7 26. Qh3 Bd6 27. Qf3 Rh8 28. Ne1 Nxf5 29. Rf2 Rgh7 30. Bf1 Rh4 31. Qd5 Qc6 32. Qxc6+ Kxc6 33. Bd3 Ne3 34. Be4+ Kc7 35. Rde2 Rxf4 36. Rxf4 Bxf4 37. Nd3 Bd6 38. c3 bxc3 39. bxc3 Nf1 40. Kg1 Nxh2 41. cxd4 Rh4 42. d5 Rg4+ 43. Kf2 Rg5 44. Rc2+ Kd7 45. Nc5+ Ke7 46. Nxa6 f5 47. Bg2 f4 48. Rb2 Rg3 49. Bf1 Rf3+ 50. Kg2 Rxf1 51. Kxh2 f3+ 52. Kh3 f5 53. a3 Rh1+ 0-1

[Event "ISL-ch"]
[Site "Bolungarvik"]
[Date "2009.09.05"]
[Round "5"]
[White "Lagerman, Robert"]
[Black "Olafsson, David"]
[Result "1/2-1/2"]
[WhiteElo "2351"]
[BlackElo "2327"]
[PlyCount "52"]
[EventDate "2009.09.01"]
[EventType "tourn"]
[EventRounds "11"]
[EventCountry "ISL"]
[EventCategory "5"]
[SourceTitle "CBM 132 Extra"]
[Source "ChessBase"]
[SourceDate "2009.11.03"]
[SourceVersion "1"]
[SourceVersionDate "2009.11.03"]
[SourceQuality "1"]

1. e4 d5 2. exd5 Nf6 3. d4 Nxd5 4. Nf3 g6 5. Be2 Bg7 6. 0-0 0-0 7. c4 Nb6 8. Nc3 Bg4 9. Be3 Nc6 10. d5 Bxf3 11. Bxf3 Ne5 12. c5 Nbc4 13. Bc1 b6 14. b3 Nxf3+ 15. Qxf3 Ne5 16. Qg3 bxc5 17. Bf4 Ng4 18. Rac1 Nf6 19. Bxc7 Qd7 20. Be5 Qf5 21. Rfe1 Rfd8 22. h3 Rac8 23. Qe3 Nxd5 24. Nxd5 Rxd5 25. Bxg7 Kxg7 26. Qxe7 Rd2 1/2-1/2

[Event "ISL-ch"]
[Site "Bolungarvik"]
[Date "2009.09.04"]
[Round "4"]
[White "Olafsson, David"]
[Black "Arngrimsson, Dagur"]
[Result "1-0"]
[WhiteElo "2327"]
[BlackElo "2396"]
[PlyCount "67"]
[EventDate "2009.09.01"]
[EventType "tourn"]
[EventRounds "11"]
[EventCountry "ISL"]
[EventCategory "5"]
[SourceTitle "CBM 132 Extra"]
[Source "ChessBase"]
[SourceDate "2009.11.03"]
[SourceVersion "1"]
[SourceVersionDate "2009.11.03"]
[SourceQuality "1"]

1. e4 e5 2. Nf3 Nc6 3. Nc3 Nf6 4. d4 exd4 5. Nd5 Nxd5 6. exd5 Bb4+ 7. Bd2 Qe7+ 8. Be2 d3 9. cxd3 Bxd2+ 10. Nxd2 Nd4 11. 0-0 Nxe2+ 12. Kh1 0-0 13. Re1 Re8 14. Ne4 Nf4 15. Nf6+ gxf6 16. Rxe7 Rxe7 17. Qf3 Ng6 18. Qxf6 a5 19. d6 cxd6 20. f4 Ra6 21. f5 d5 22. Qg5 f6 23. Qg3 Kg7 24. Rf1 d4 25. h4 Kf7 26. fxg6+ hxg6 27. Qf4 b5 28. Qh6 Bb7 29. Qh7+ Kf8 30. Qh8+ Kf7 31. Rf2 f5 32. h5 Rf6 33. h6 g5 34. Qg7+ 1-0

[Event "Reykjavik Meistaramot Hellis op"]
[Site "Reykjavik"]
[Date "2009.02.16"]
[Round "5"]
[White "Olafsson, David"]
[Black "Gretarsson, Hjorvar Steinn"]
[Result "0-1"]
[WhiteElo "2319"]
[BlackElo "2279"]
[PlyCount "78"]
[EventDate "2009.02.02"]
[EventType "swiss"]
[EventRounds "7"]
[EventCountry "ISL"]
[SourceTitle "EXT 2010"]
[Source "ChessBase"]
[SourceDate "2010.11.25"]
[SourceVersion "1"]
[SourceVersionDate "2010.11.25"]
[SourceQuality "1"]

1. e4 c5 2. Nf3 d6 3. d4 cxd4 4. Nxd4 Nf6 5. Nc3 a6 6. Be2 e5 7. Nb3 Be7 8. Bg5 Nbd7 9. a4 h6 10. Be3 b6 11. 0-0 Bb7 12. f3 0-0 13. Qd2 Rc8 14. Rfd1 Qc7 15. Qe1 d5 16. exd5 Bb4 17. Qg3 Nh5 18. Qg4 Nf4 19. Bxf4 exf4 20. d6 Bxd6 21. Kh1 Nf6 22. Qh4 Be5 23. Bd3 Bxc3 24. bxc3 Rcd8 25. c4 a5 26. Qf2 Nd7 27. Kg1 Ba6 28. c5 Bxd3 29. cxd3 bxc5 30. Rdc1 Rc8 31. Rc3 Rfe8 32. Rac1 Re3 33. Nxc5 Qe5 34. Ne4 Rxc3 35. Rxc3 f5 36. Qa2+ Kh7 37. Qc2 fxe4 38. fxe4 Qd4 39. Kf1 Ne5 0-1

[Event "Reykjavik Meistaramot Hellis op"]
[Site "Reykjavik"]
[Date "2009.02.06"]
[Round "4"]
[White "Palsson, Halldor"]
[Black "Olafsson, David"]
[Result "0-1"]
[WhiteElo "1961"]
[BlackElo "2319"]
[PlyCount "28"]
[EventDate "2009.02.02"]
[EventType "swiss"]
[EventRounds "7"]
[EventCountry "ISL"]
[SourceTitle "EXT 2010"]
[Source "ChessBase"]
[SourceDate "2010.11.25"]
[SourceVersion "1"]
[SourceVersionDate "2010.11.25"]
[SourceQuality "1"]

1. e4 c5 2. a3 b6 3. Bc4 Bb7 4. Nc3 e6 5. Nf3 a6 6. Qe2 Nc6 7. 0-0 d6 8. d3 Nf6 9. b4 Be7 10. bxc5 dxc5 11. e5 Nd7 12. Bb2 Nf8 13. Ne4 Ng6 14. g3 Qc7 0-1

[Event "Reykjavik Hellir CC-ch"]
[Site "Reykjavik"]
[Date "2008.02.??"]
[Round "4"]
[White "Ingason, Sigurdur"]
[Black "Olafsson, David"]
[Result "0-1"]
[WhiteElo "1939"]
[BlackElo "2313"]
[PlyCount "78"]
[EventDate "2008.02.??"]
[EventType "swiss"]
[EventRounds "7"]
[EventCountry "ISL"]
[SourceTitle "EXT 2010"]
[Source "ChessBase"]
[SourceDate "2010.11.25"]
[SourceVersion "1"]
[SourceVersionDate "2010.11.25"]
[SourceQuality "1"]

1. d4 g6 2. Nf3 Bg7 3. e4 d6 4. Nc3 Nf6 5. Be3 0-0 6. Bc4 Nxe4 7. Bxf7+ Rxf7 8. Nxe4 h6 9. Qd2 Kh7 10. h3 c6 11. Nh4 e5 12. Nf3 exd4 13. Nxd4 d5 14. Ng3 c5 15. Nde2 d4 16. 0-0 Nc6 17. Bf4 b6 18. Ne4 Ba6 19. Rfe1 Qd5 20. f3 Rd8 21. Rad1 Nb4 22. Bh2 Qxa2 23. Nf4 Bc8 24. Qf2 Rdf8 25. Nd6 Rf6 26. Ne8 Rxf4 27. Bxf4 Rxf4 28. Re7 Rf7 29. Rde1 Nc6 30. Rc7 Rxc7 31. Nxc7 Qf7 32. Nb5 Be5 33. Qe2 Qf4 34. Kf1 Ba6 35. Ra1 Nb4 36. c3 d3 37. Qd1 Bxb5 38. Rxa7+ Bg7 39. cxb4 Qe3 0-1

[Event "Reykjavik Hellir CC-ch"]
[Site "Reykjavik"]
[Date "2008.02.??"]
[Round "7"]
[White "Olafsson, David"]
[Black "Johannesson, Ingvar Thor"]
[Result "0-1"]
[WhiteElo "2313"]
[BlackElo "2344"]
[PlyCount "113"]
[EventDate "2008.02.??"]
[EventType "swiss"]
[EventRounds "7"]
[EventCountry "ISL"]
[SourceTitle "EXT 2010"]
[Source "ChessBase"]
[SourceDate "2010.11.25"]
[SourceVersion "1"]
[SourceVersionDate "2010.11.25"]
[SourceQuality "1"]

1. e4 e6 2. d4 d5 3. exd5 exd5 4. c4 Bb4+ 5. Nc3 Ne7 6. a3 Bxc3+ 7. bxc3 0-0 8. Bd3 Bf5 9. Ne2 Nbc6 10. 0-0 Bxd3 11. Qxd3 dxc4 12. Qxc4 Na5 13. Qb4 Nec6 14. Qb1 Qd5 15. Bf4 Qc4 16. Re1 Rfe8 17. Be3 Ne7 18. Qb4 Nd5 19. Qxc4 Nxc4 20. Nf4 Ndxe3 21. fxe3 Nxe3 22. Rab1 b6 23. a4 Kf8 24. h3 Nc4 25. Nd5 c6 26. Nb4 Rxe1+ 27. Rxe1 Rc8 28. Nd3 Re8 29. Kf2 Rxe1 30. Kxe1 Ke7 31. Ke2 a5 32. g3 Kd6 33. Kd1 f6 34. Kc2 g6 35. Kd1 g5 36. Ke2 h5 37. Kd1 Ke6 38. Ke2 Kd5 39. Kd1 Ne3+ 40. Ke2 Nf5 41. g4 hxg4 42. hxg4 Nd6 43. Nb2 Ke4 44. Nd3 Nc4 45. Nf2+ Kf4 46. Kd3 b5 47. d5 cxd5 48. axb5 Kf3 49. Kd4 Kxf2 50. Kxd5 Nb6+ 51. Kc5 a4 52. Kb4 Ke3 53. c4 Kd4 54. c5 Nd5+ 55. Kxa4 Kxc5 56. Ka5 Nb6 57. Ka6 0-1

[Event "Reykjavik Hellir CC-ch"]
[Site "Reykjavik"]
[Date "2008.02.??"]
[Round "1"]
[White "Olafsson, David"]
[Black "Johannsdottir, Johanna Bjorg"]
[Result "1-0"]
[WhiteElo "2313"]
[BlackElo "1662"]
[PlyCount "53"]
[EventDate "2008.02.??"]
[EventType "swiss"]
[EventRounds "7"]
[EventCountry "ISL"]
[SourceTitle "EXT 2010"]
[Source "ChessBase"]
[SourceDate "2010.11.25"]
[SourceVersion "1"]
[SourceVersionDate "2010.11.25"]
[SourceQuality "1"]

1. e4 e5 2. Nf3 Nc6 3. d4 exd4 4. Bc4 Bc5 5. c3 d3 6. b4 Bb6 7. a4 a5 8. b5 Nce7 9. Qb3 d5 10. exd5 Nf5 11. 0-0 Nf6 12. Re1+ Kf8 13. Ba3+ Nd6 14. Bxd3 g6 15. c4 Ba7 16. c5 Nde8 17. b6 Bb8 18. bxc7 Nxc7 19. c6+ Kg7 20. cxb7 Bxb7 21. Qxb7 Ra7 22. Qb3 Re8 23. Nc3 Rxe1+ 24. Rxe1 Ncxd5 25. Nxd5 Nxd5 26. Bb2+ Kg8 27. Qxd5 1-0

[Event "Reykjavik op 22nd"]
[Site "Reykjavik"]
[Date "2006.03.10"]
[Round "5"]
[White "Halldorsson, Halldor Brynjar"]
[Black "Olafsson, David"]
[Result "1/2-1/2"]
[WhiteElo "2226"]
[BlackElo "2319"]
[PlyCount "109"]
[EventDate "2006.03.06"]
[EventType "swiss"]
[EventRounds "9"]
[EventCountry "ISL"]
[SourceTitle "CBM 111 Extra"]
[Source "ChessBase"]
[SourceDate "2006.05.09"]
[SourceVersion "1"]
[SourceVersionDate "2006.05.09"]
[SourceQuality "1"]

1. e4 g6 2. d4 Bg7 3. Nc3 d6 4. h3 Nd7 5. Nge2 c5 6. Be3 cxd4 7. Nxd4 Ngf6 8. g4 Nb6 9. Bg2 0-0 10. b3 d5 11. e5 Qc7 12. Nce2 Ne4 13. f4 Nc3 14. Qd2 Nxe2 15. Nxe2 e6 16. 0-0 Nd7 17. Rac1 Nb6 18. a4 g5 19. f5 Bxe5 20. Bxg5 f6 21. Bh6 Rd8 22. a5 Nd7 23. fxe6 Nf8 24. Nf4 Bxe6 25. Nh5 Nd7 26. g5 f5 27. Rce1 Bf7 28. Nf6+ Nxf6 29. gxf6 Bxf6 30. Rxf5 Bc3 31. Qg5+ Kh8 32. Re7 Qc5+ 33. Kh1 Rg8 34. Qh4 Rxg2 35. Kxg2 Rg8+ 36. Rg5 Bg6 37. Qg3 Bf6 38. Rc7 Qd4 39. Rg4 Qd1 40. Rxg6 Qe2+ 41. Kh1 hxg6 42. Be3 Qf1+ 43. Bg1 Rg7 44. Rxg7 Kxg7 45. Qc7+ Kh6 46. Qg3 a6 47. Qe3+ Kg7 48. Qg3 Qd1 49. Qc7+ Kh6 50. Qf4+ Bg5 51. Qf8+ Kh5 52. Qh8+ Bh6 53. Qe5+ Bg5 54. Qh8+ Bh6 55. Qe5+ 1/2-1/2

[Event "Reykjavik op 22nd"]
[Site "Reykjavik"]
[Date "2006.03.09"]
[Round "4"]
[White "Olafsson, David"]
[Black "Rogers, Ian"]
[Result "0-1"]
[WhiteElo "2319"]
[BlackElo "2547"]
[PlyCount "106"]
[EventDate "2006.03.06"]
[EventType "swiss"]
[EventRounds "9"]
[EventCountry "ISL"]
[SourceTitle "CBM 111 Extra"]
[Source "ChessBase"]
[SourceDate "2006.05.09"]
[SourceVersion "1"]
[SourceVersionDate "2006.05.09"]
[SourceQuality "1"]

1. e4 c6 2. d4 d5 3. exd5 cxd5 4. c4 Nf6 5. Nc3 g6 6. Qb3 Bg7 7. cxd5 0-0 8. Be2 Nbd7 9. Bf3 Nb6 10. Nge2 Bg4 11. Bxg4 Nxg4 12. Bf4 Qd7 13. 0-0 Nf6 14. d6 exd6 15. Nb5 Nc8 16. a4 a6 17. Nbc3 Ne7 18. d5 Nf5 19. Rfd1 Rfe8 20. Qb4 Rac8 21. Ng3 Nxg3 22. Bxg3 Rc5 23. f3 Nh5 24. Bf2 Rcc8 25. Bd4 f5 26. Bxg7 Nxg7 27. Re1 Qc7 28. Kf2 Qc5+ 29. Qxc5 Rxc5 30. Rxe8+ Nxe8 31. Ke3 Rc4 32. Kd3 Rb4 33. Re1 Kf7 34. Re2 Nf6 35. Re6 Nd7 36. Re2 Ne5+ 37. Kc2 Nc4 38. Kc1 Rb3 39. Nd1 Rd3 40. Rc2 Rxd1+ 41. Kxd1 Ne3+ 42. Kd2 Nxc2 43. Kxc2 Kf6 44. f4 g5 45. fxg5+ Kxg5 46. Kd3 Kf4 47. Kd4 b6 48. b3 h6 49. b4 b5 50. a5 h5 51. g3+ Kf3 52. Kd3 f4 53. gxf4 Kxf4 0-1

[Event "ISL-chT 0405"]
[Site "Reykjavik"]
[Date "2004.11.21"]
[Round "4"]
[White "Olafsson, David"]
[Black "Pedersen, Steffen"]
[Result "1/2-1/2"]
[WhiteElo "2304"]
[BlackElo "2441"]
[PlyCount "30"]
[EventDate "2004.11.19"]
[EventType "team"]
[EventRounds "7"]
[EventCountry "ISL"]
[SourceTitle "EXT 2006"]
[Source "ChessBase"]
[SourceDate "2005.11.24"]
[SourceVersion "1"]
[SourceVersionDate "2005.11.24"]
[SourceQuality "1"]

1. e4 c6 2. d4 d5 3. exd5 cxd5 4. c4 Nf6 5. Nc3 Nc6 6. Bf4 dxc4 7. d5 e5 8. Bg3 Na5 9. Bxe5 Bc5 10. Bd4 Qe7+ 11. Be2 0-0 12. Nf3 Rd8 13. Bxf6 Qxf6 14. 0-0 Bf5 15. Rc1 Rac8 1/2-1/2

[Event "Nordic Net Club Cup"]
[Site "Internet"]
[Date "2002.??.??"]
[Round "?"]
[White "Tiitta, Sauli"]
[Black "Olafsson, David"]
[Result "0-1"]
[WhiteElo "2237"]
[BlackElo "2307"]
[PlyCount "158"]
[EventDate "2002.??.??"]
[EventType "team"]
[EventRounds "4"]
[EventCountry "NET"]
[SourceTitle "EXT 2005"]
[Source "ChessBase"]
[SourceDate "2004.11.15"]
[SourceVersion "1"]
[SourceVersionDate "2004.11.15"]
[SourceQuality "1"]

1. e4 c5 2. Nf3 e6 3. d4 cxd4 4. Nxd4 a6 5. Nc3 Nc6 6. Nxc6 bxc6 7. Bd3 d5 8. 0-0 Nf6 9. e5 Nd7 10. f4 g6 11. Na4 Nc5 12. Nxc5 Bxc5+ 13. Kh1 Bb7 14. Qe2 h5 15. c4 Qb6 16. b3 Bd4 17. Rb1 Rd8 18. Ba3 Bc5 19. Bxc5 Qxc5 20. cxd5 cxd5 21. Bxa6 Bxa6 22. Qxa6 0-0 23. b4 Qc2 24. Rfc1 Qd2 25. Qf1 Qxa2 26. b5 d4 27. Qd3 Qd5 28. b6 Rc8 29. Rxc8 Rxc8 30. b7 Qxb7 31. h3 Qd5 32. Rb5 Qc6 33. Rb1 Qc3 34. Rd1 Qxd3 35. Rxd3 Rd8 36. Kg1 g5 37. Kf2 gxf4 38. Kf3 Kg7 39. Kxf4 Kg6 40. Rg3+ Kh6 41. Rd3 h4 42. Kg4 Kg6 43. Kf4 Kh5 44. Ke4 Kg5 45. g4 Rd5 46. Kf3 Rxe5 47. Rxd4 Rd5 48. Re4 Rd3+ 49. Kg2 Rg3+ 50. Kh2 Rd3 51. Kg2 Rd2+ 52. Kg1 Rd6 53. Kg2 f5 54. gxf5 Rd2+ 55. Kg1 exf5 56. Re8 Kf4 57. Rf8 Kg3 58. Rxf5 Rg2+ 59. Kf1 Kxh3 60. Rf3+ Rg3 61. Rf8 Kh2 62. Rf2+ Kh1 63. Rf4 h3 64. Kf2 Ra3 65. Rb4 Ra2+ 66. Kg3 Ra3+ 67. Kf2 Kh2 68. Rb1 Ra7 69. Rb2 Rf7+ 70. Ke1+ Kg1 71. Rb8 Rf1+ 72. Ke2 Rf2+ 73. Ke3 h2 74. Rg8+ Rg2 75. Rb8 h1Q 76. Rb1+ Kh2 77. Rxh1+ Kxh1 78. Kf3 Kg1 79. Ke3 Rf2 0-1

[Event "ISL-chT 0001"]
[Site "Reykjavik"]
[Date "2000.11.19"]
[Round "4"]
[White "Gretarsson, Helgi Ass"]
[Black "Olafsson, David"]
[Result "1/2-1/2"]
[WhiteElo "2563"]
[BlackElo "2275"]
[PlyCount "46"]
[EventDate "2000.11.17"]
[EventType "team"]
[EventRounds "7"]
[EventCountry "ISL"]
[SourceTitle "CBM 079 Extra"]
[Source "ChessBase"]
[SourceDate "2001.01.11"]
[SourceVersion "2"]
[SourceVersionDate "2001.01.25"]
[SourceQuality "1"]

1. d4 Nf6 2. Nf3 g6 3. Bg5 Bg7 4. Nbd2 d5 5. e3 0-0 6. Bd3 b6 7. Qe2 c5 8. c3 Nc6 9. 0-0 Bb7 10. dxc5 bxc5 11. e4 d4 12. cxd4 cxd4 13. Nb3 Qb6 14. Rfc1 Nd7 15. Nfd2 Nde5 16. Nc4 Nxc4 17. Bxc4 Rac8 18. Nc5 Ne5 19. Nxb7 Nxc4 20. Bxe7 Rfe8 21. Rxc4 Qxb7 22. Rxc8 Qxc8 23. Bg5 Qe6 1/2-1/2

[Event "ISL-chT 0001"]
[Site "Reykjavik"]
[Date "2000.11.19"]
[Round "4"]
[White "Gudmundsson, Kristjan"]
[Black "Olafsson, David"]
[Result "0-1"]
[WhiteElo "2260"]
[BlackElo "2275"]
[PlyCount "74"]
[EventDate "2000.11.17"]
[EventType "team"]
[EventRounds "7"]
[EventCountry "ISL"]
[SourceTitle "CBM 079 Extra"]
[Source "ChessBase"]
[SourceDate "2001.01.11"]
[SourceVersion "2"]
[SourceVersionDate "2001.01.25"]
[SourceQuality "1"]

1. e4 c5 2. Nf3 e6 3. d3 Nc6 4. g3 g6 5. Bg2 Bg7 6. 0-0 Nge7 7. Re1 0-0 8. e5 h6 9. Nbd2 Nf5 10. a4 d5 11. exd6 Nxd6 12. c3 e5 13. Ne4 Nxe4 14. dxe4 Qe7 15. a5 Be6 16. Qa4 Rac8 17. Be3 b6 18. axb6 axb6 19. Qb5 Na5 20. Bf1 Qd6 21. Red1 Qc6 22. Qxc6 Rxc6 23. Bb5 Rc7 24. Rd6 Rb8 25. b4 cxb4 26. cxb4 Nc4 27. Bxc4 Rxc4 28. b5 Rxe4 29. Rxb6 Rxb6 30. Bxb6 Rb4 31. Ba5 Rxb5 32. Bc3 Rc5 33. Bb4 Rc4 34. Rb1 Bf5 35. Nd2 Rc2 36. Re1 e4 37. Nxe4 Rc4 0-1

[Event "Reykjavik op"]
[Site "Reykjavik"]
[Date "1994.??.??"]
[Round "6"]
[White "Halldorsson, Bragi"]
[Black "Olafsson, David"]
[Result "1/2-1/2"]
[WhiteElo "2225"]
[BlackElo "2270"]
[PlyCount "128"]
[EventDate "1994.02.??"]
[EventType "swiss"]
[EventRounds "9"]
[EventCountry "ISL"]
[SourceTitle "CBM 039 Extra"]
[Source "ChessBase"]
[SourceDate "1994.05.01"]
[SourceVersion "1"]
[SourceVersionDate "1994.05.01"]
[SourceQuality "1"]

1. d4 Nf6 2. c4 e6 3. Nc3 d5 4. Bg5 Be7 5. e3 0-0 6. Qc2 h6 7. Bh4 c5 8. dxc5 dxc4 9. Bxc4 Qa5 10. a3 Nc6 11. Ba2 Qxc5 12. b4 Qh5 13. Bg3 e5 14. b5 Na5 15. Nf3 e4 16. Nd4 Bd7 17. Qa4 Rfc8 18. Nce2 b6 19. 0-0 a6 20. Nc6 Nxc6 21. bxc6 Rxc6 22. Nf4 Qc5 23. Ng6 b5 24. Nxe7+ Qxe7 25. Qa5 Be6 26. Bxe6 Qxe6 27. a4 bxa4 28. Rxa4 Rac8 29. h3 Nd5 30. Kh2 Nc3 31. Rb4 Nd5 32. Ra4 Nb6 33. Rd4 Nc4 34. Qa4 Nb2 35. Qa3 Nd3 36. Rb1 Qf5 37. Qe7 Nxf2 38. Rd8+ Rxd8 39. Qxd8+ Kh7 40. Qa8 Rc8 41. Qxa6 Nxh3 42. Rf1 Qg4 43. gxh3 Rc2+ 44. Rf2 Rxf2+ 45. Bxf2 Qf3 46. Qf1 f5 47. Qg2 Qd1 48. Bg3 g5 49. Qa2 Qd7 50. Qa5 Kg6 51. Be5 Qd1 52. Qa2 Qd7 53. Kg3 Kh5 54. Qe2+ Kg6 55. h4 Qd5 56. h5+ Kf7 57. Qb2 Ke6 58. Bg7 f4+ 59. Kg2 fxe3 60. Qf6+ Kd7 61. Qd4 Qxd4 62. Bxd4 e2 63. Kf2 Ke6 64. Bg7 Kf5 1/2-1/2

[Event "Reykjavik op"]
[Site "Reykjavik"]
[Date "1990.??.??"]
[Round "7"]
[White "Hoi, Carsten"]
[Black "Olafsson, David"]
[Result "1/2-1/2"]
[WhiteElo "2445"]
[BlackElo "2260"]
[PlyCount "63"]
[EventDate "1990.03.??"]
[EventType "swiss"]
[EventRounds "11"]
[EventCountry "ISL"]
[SourceTitle "CBM 018 Extra"]
[Source "ChessBase"]
[SourceDate "1990.11.01"]
[SourceVersion "1"]
[SourceVersionDate "1990.11.01"]
[SourceQuality "1"]

1. d4 d5 2. Nf3 e6 3. c4 c5 4. cxd5 exd5 5. g3 Nc6 6. Bg2 c4 7. 0-0 Bb4 8. b3 cxb3 9. Qxb3 Nge7 10. Bg5 f6 11. Bd2 Qb6 12. Bxb4 Qxb4 13. Nc3 Qxb3 14. axb3 Bg4 15. e3 0-0-0 16. b4 Kb8 17. b5 Nb4 18. Na4 b6 19. Rfb1 Nc2 20. Ra2 Rc8 21. h3 Bf5 22. g4 Bd3 23. Rbb2 h5 24. g5 Rhf8 25. h4 Rc7 26. Bh3 Be4 27. Nd2 Ne1 28. Ra1 Nd3 29. Rba2 Nb4 30. Rb2 Nd3 31. Rba2 Nb4 32. Rb2 1/2-1/2

[Event "Reykjavik op"]
[Site "Reykjavik"]
[Date "1990.??.??"]
[Round "5"]
[White "Olafsson, David"]
[Black "Lamm, Steffen"]
[Result "1-0"]
[WhiteElo "2260"]
[BlackElo "2280"]
[PlyCount "67"]
[EventDate "1990.03.??"]
[EventType "swiss"]
[EventRounds "11"]
[EventCountry "ISL"]
[SourceTitle "CBM 018 Extra"]
[Source "ChessBase"]
[SourceDate "1990.11.01"]
[SourceVersion "1"]
[SourceVersionDate "1990.11.01"]
[SourceQuality "1"]

1. e4 d6 2. d4 Nf6 3. Nc3 g6 4. Be2 Bg7 5. Be3 0-0 6. Qd2 c6 7. f3 b5 8. 0-0-0 Qa5 9. Bh6 e5 10. dxe5 dxe5 11. h4 b4 12. Nb1 Qxa2 13. h5 Be6 14. Bxg7 Kxg7 15. g4 Nbd7 16. hxg6 fxg6 17. Qh6+ Kg8 18. Rd6 Rf7 19. b3 Nc5 20. Rxe6 Nxe6 21. Bc4 Nd4 22. Rh2 Rd8 23. f4 exf4 24. Qxf4 Nd5 25. Qe5 Ne2+ 26. Nxe2 Rf1+ 27. Kd2 Qxb1 28. exd5 Qd1+ 29. Ke3 cxd5 30. Qe6+ Rf7 31. Rxh7 Kxh7 32. Qxf7+ Kh6 33. g5+ Kh5 34. Qf3+ 1-0

[Event "Reykjavik op"]
[Site "Reykjavik"]
[Date "1990.??.??"]
[Round "9"]
[White "Olafsson, David"]
[Black "Winsnes, Rikard"]
[Result "0-1"]
[WhiteElo "2260"]
[BlackElo "2385"]
[PlyCount "70"]
[EventDate "1990.03.??"]
[EventType "swiss"]
[EventRounds "11"]
[EventCountry "ISL"]
[SourceTitle "CBM 018 Extra"]
[Source "ChessBase"]
[SourceDate "1990.11.01"]
[SourceVersion "1"]
[SourceVersionDate "1990.11.01"]
[SourceQuality "1"]

1. e4 e6 2. d4 d5 3. e5 c5 4. c3 Nc6 5. Bd3 cxd4 6. cxd4 Qb6 7. Ne2 Bd7 8. Bc2 f6 9. f4 0-0-0 10. Nbc3 g5 11. Na4 Qc7 12. 0-0 gxf4 13. exf6 Bd6 14. Bxf4 Rf8 15. f7 Rxf7 16. Bxd6 Rxf1+ 17. Qxf1 Qxd6 18. Rc1 Nh6 19. Qf3 Rf8 20. Qh5 Nf5 21. Bxf5 Rxf5 22. Qxh7 b6 23. a3 Kb7 24. Nac3 a6 25. b4 e5 26. Ng3 Rf4 27. dxe5 Nxe5 28. Rd1 Rf7 29. Qh5 Bg4 30. Rxd5 Qf6 31. Nce4 Nf3+ 32. gxf3 Qa1+ 33. Kg2 Bxh5 34. Nxh5 Qxa3 35. Nhf6 Rxf6 0-1

[Event "Reykjavik op"]
[Site "Reykjavik"]
[Date "1990.??.??"]
[Round "8"]
[White "Stefansson, Hannes"]
[Black "Olafsson, David"]
[Result "1-0"]
[WhiteElo "2420"]
[BlackElo "2260"]
[PlyCount "79"]
[EventDate "1990.03.??"]
[EventType "swiss"]
[EventRounds "11"]
[EventCountry "ISL"]
[SourceTitle "CBM 018 Extra"]
[Source "ChessBase"]
[SourceDate "1990.11.01"]
[SourceVersion "1"]
[SourceVersionDate "1990.11.01"]
[SourceQuality "1"]

1. e4 c5 2. Nf3 e6 3. d4 cxd4 4. Nxd4 a6 5. Bd3 Qc7 6. 0-0 Nc6 7. Nxc6 bxc6 8. c4 Nf6 9. Qe2 d6 10. Nc3 Be7 11. f4 Nd7 12. Kh1 0-0 13. Bd2 Rb8 14. b3 Bf6 15. e5 dxe5 16. Ne4 Be7 17. fxe5 Qxe5 18. Bf4 Qa5 19. Bxb8 Nxb8 20. c5 Nd7 21. a3 Qc7 22. b4 a5 23. Rad1 h6 24. Nd6 Nf6 25. Qf2 Bd7 26. Bc2 axb4 27. axb4 Rb8 28. Qf4 Bxd6 29. Rxd6 Be8 30. Rb1 Nd5 31. Qd4 Qa7 32. Be4 Qa2 33. h3 Kf8 34. Kh2 Qe2 35. Rb3 Qe1 36. Bxd5 exd5 37. Rg3 Rxb4 38. Qxg7+ Ke7 39. Qf6+ Kf8 40. Rd8 1-0